000 00579nam a2200169 4500
999 _c14777
_d14777
008 191210b ||||| |||| 00| 0 eng d
020 _a978-971-9645-31-3
082 _22016
_aDFil 300.72
_bB862
100 _aBueno, David Cababaro Dr.
_940861
245 _aPractical qualitative :
_bresearch writing /
_cDr. David Cababaro Bueno
260 _aQuezon City :
_bGreat Books Trading,
_c©2016
300 _aviii, 261 pages ;
_c22 cm
500 _aIncludes bibliographical references and index.
650 _aQualitative research
_940862
365 _b480.00
_cPhp
942 _2ddc
_cDFIL